Câu hỏi và bài tập thực hành tổ chức thi công xây dựng

Nội dung giới thiệu quá trình sản xuất xây dựng và phương án thiết kế tổ chức thi công, tổ chức thi công theo phương pháp dây chuyền, kế hoạch tiến độ trong xây dựng. Lập và quản trị tiến độ thi công bằng sơ đồ mạng lưới, tổ chức...

Volledige beschrijving

Bewaard in:
Bibliografische gegevens
Hoofdauteur: Lê, Hồng Thái
Formaat: Boek
Taal:Undetermined
Gepubliceerd in: Hà Nội Xây dựng 2015
Onderwerpen:
Tags: Voeg label toe
Geen labels, Wees de eerste die dit record labelt!
Thư viện lưu trữ: Trung tâm Học liệu Trường Đại học Cần Thơ
LEADER 01191nam a2200229Ia 4500
001 CTU_227125
008 210402s9999 xx 000 0 und d
020 |c 48000 
082 |a 692.5076 
082 |b Th103 
100 |a Lê, Hồng Thái 
245 0 |a Câu hỏi và bài tập thực hành tổ chức thi công xây dựng 
245 0 |c Lê Hồng Thái 
260 |a Hà Nội 
260 |b Xây dựng 
260 |c 2015 
520 |a Nội dung giới thiệu quá trình sản xuất xây dựng và phương án thiết kế tổ chức thi công, tổ chức thi công theo phương pháp dây chuyền, kế hoạch tiến độ trong xây dựng. Lập và quản trị tiến độ thi công bằng sơ đồ mạng lưới, tổ chức cơ sở vật chất kỹ thuật cho công trường. 
650 |a Building,Building inspection,Building inspection,Xây dựng,Thanh tra xây dựng 
650 |x Estimates,Ước lượng, tính toán 
904 |i Qhieu 
910 |a Tuyến 
980 |a Trung tâm Học liệu Trường Đại học Cần Thơ